| 000 | 00964nam a22002657a 4500 | ||
|---|---|---|---|
| 999 |
_c64418 _d64418 |
||
| 005 | 20240530110730.0 | ||
| 008 | 141214s2009 ua f 000 0 ara d | ||
| 017 |
_a2008/3226 _bمصر . دار الكتب المصرية |
||
| 020 | _a9772875672 | ||
| 040 | _aEG-CaGPL | ||
| 041 | 0 | _aara | |
| 082 | 0 | 4 |
_221 _a070.49 \ _bح م |
| 100 | 0 | _aحسنين شفيق | |
| 245 | 1 | 0 |
_aمقدمة فى التصوير الصحفى : _bدليل المصور الصحفى لتصوير ومعالجة الصور رقميا / _cحسنين شفيق . |
| 250 | _aط. 1 | ||
| 260 |
_aالقاهرة : _bدار فكر وفن ، _c2009 . |
||
| 300 |
_a347 ص. ؛ _c24 سم. |
||
| 504 | _aيشتمل على ارجاعات ببليوجرافية | ||
| 650 | 0 | 4 | _aالصحف |
| 650 | 0 | 4 | _aالصحافة الالكترونية |
| 650 | 0 | 4 | _aالتصوير الصحفى |
| 650 | 0 | 4 |
_aالصحف _xاخراج |
| 942 |
_2ddc _cBK |
||